000 00358 a2200133 4500
001 89075
082 _aPR 802
090 _c42023
_d42023
100 _aMuhammad Ismaeel Hubaan
245 _aFinite element analysis conventional wing and fuselage structures
260 _aKarachi
_bNED
_c1982
300 _a160p.
_eAzhar H Jawed
500 _aBE Project Reports
942 _aCAE NUST
_kPR 802
999 _c324148
_d324148